000 00524nam a2200181Ia 4500
008 151018s9999 xx 000 0 und d
082 _bRBASDV37425
_a920
100 _aअभय परांजपे
245 _aसोंगाड्या
250 _b1
260 _bसुरुची
_c1999
300 _a169
600 _aअभय परांजपे
630 _aसोंगाड्या
700 _aअभय परांजपे
730 _aसोंगाड्या
942 _cBOOK
999 _c1036848
_d1036845